Một số tư liệu về Trương Vĩnh Ký với những tác phẩm của Ông /

Đã lưu trong:
书目详细资料
主要作者: Nguyễn Phan Quang.
格式: Bài viết
语言:Vietnamese
主题:
标签: 添加标签
没有标签, 成为第一个标记此记录!
Thư viện lưu trữ: Thư viện Trường Đại học Đà Lạt
LEADER 00802nam a2200265 4500
001 DLU090076964
005 ##20090220
040 # # |a DLU  |b vie 
041 # # |a vie 
044 # # |a vn 
100 # # |a Nguyễn Phan Quang. 
245 # # |a Một số tư liệu về Trương Vĩnh Ký với những tác phẩm của Ông /  |c Nguyễn Phan Quang. 
653 # # |a Tác phẩm 
653 # # |a Tư liệu lịch sử 
653 # # |a Trương Vĩnh Ký, 1837-1898 
773 # # |t Nghiên cứu lịch sử  |g Số 3(328), 2003, tr. 80-86 
920 # # |a Phòng Tạp chí -- Trung tâm Thông tin - Thư viện Trường Đại học Đà Lạt 
994 # # |a DLU 
900 # # |a True 
911 # # |a Phan Thị Mỹ Thảo 
925 # # |a G 
926 # # |a A 
927 # # |a BB 
980 # # |a Thư viện Trường Đại học Đà Lạt